Т. 20, № 3; Ученые записки ЦАГИ

Dades bibliogràfiques
Parent link:Ученые записки ЦАГИ/ Центральный аэрогидродинамический институт. Т. 20, № 3.— , 1970-1991
Altres autors: Свищев Г. П.
Idioma:rus
Publicat: 1989
Matèries:
Format: MixedMaterials Llibre
KOHA link:https://koha.lib.tpu.ru/cgi-bin/koha/opac-detail.pl?biblionumber=254388

MARC

LEADER 00000nam2a2200000 4500
001 254388
005 20231101232930.0
035 |a (RuTPU)RU\TPU\book\276843 
035 |a RU\TPU\book\226902 
090 |a 254388 
100 |a 20140320d1989 k y0rusy50 ca 
101 0 |a rus 
102 |a RU 
105 |a a z 001zy 
200 0 |a Т. 20, № 3  |f гл. ред. Г. П. Свищев 
210 |d 1989 
215 |a 130 с.  |c ил. 
320 |a Библиогр. в конце ст. 
461 1 |0 (RuTPU)RU\TPU\book\218989  |t Ученые записки ЦАГИ  |f Центральный аэрогидродинамический институт  |v Т. 20, № 3  |d 1970-1991 
606 1 |a Аэрогазодинамика  |2 stltpush  |3 (RuTPU)RU\TPU\subj\29854  |9 53093 
610 1 |a сопротивления 
610 1 |a расчеты 
610 1 |a вязкость 
610 1 |a затупление 
610 1 |a обтекание 
610 1 |a пограничный слой 
610 1 |a струи 
610 1 |a летательные аппараты 
610 1 |a сборники 
675 |a 533.6  |v 3 
702 1 |a Свищев  |b Г. П.  |4 651 
801 1 |a RU  |b 63413507  |c 20120130 
801 2 |a RU  |b 63413507  |c 20160422  |g RCR 
942 |c BK